Todos eran mis hijos ; Después de la caída /

Este volumen reúne dos obras fundamentales del notable dramaturgo americano. Todos eran mis hijos : es una de sus piezas más difundidas donde, en particular, se levanta una acusación contra los aprovechadores de la guerra. Después de la caída : reveló una nueva dimensión del riquísimo talento de Art...

Full description

Bibliographic Details
Main Author: Miller, Arthur 1915-2005
Format: Libro
Language:Spanish
Published: Buenos Aires Losada 2004
Series:Gran teatro
Subjects:
Online Access:

MARC

LEADER 00000cam a2200000 a 4500
001 020855
003 UAHC_CL
005 20170803121925.0
008 080929s2004 ag 000 d spa
020 |a 9500363011 
040 |a UAHC_CL  |c UAHC_CL  |d UAHC_CL 
082 0 4 |a 812  |b M647  |2 20 
100 1 |a Miller, Arthur  |d 1915-2005 
245 1 0 |a Todos eran mis hijos ; Después de la caída /  |c Arthur Miller ; Traducción de Miguel de Hernani y Manuel Barberá. 
260 |b Losada  |a Buenos Aires  |c 2004 
300 |a 231 p. 
490 0 |a Gran teatro 
520 |a Este volumen reúne dos obras fundamentales del notable dramaturgo americano. Todos eran mis hijos : es una de sus piezas más difundidas donde, en particular, se levanta una acusación contra los aprovechadores de la guerra. Después de la caída : reveló una nueva dimensión del riquísimo talento de Arthur Miller. La pieza explora la atormentada conciencia de un personaje absorbente (Quentin) que, en gran medida, actúa como alter ego del autor, y su relación con Maggie ( que no es otra que Marilyn Monroe). 
650 4 |a DRAMA ESTADOUNIDENSE 
653 |a ACTUACION TEATRAL 
900 |a 812 MIL 
942 |c BK 
952 |0 0  |1 0  |4 0  |6 812_000000000000000_MIL  |7 0  |8 General  |9 41649  |a BS  |b BS  |c General  |d 2017-08-03  |l 0  |o 812 MIL  |p 1365574  |r 2025-11-26 00:00:00  |t 1  |w 2017-08-03  |y BK 
952 |0 0  |1 0  |4 0  |6 812_000000000000000_MIL  |7 0  |8 General  |9 41650  |a BS  |b BS  |c General  |d 2017-08-03  |l 2  |o 812 MIL  |p 1365575  |r 2025-11-26 00:00:00  |s 2019-12-12  |t 2  |w 2017-08-03  |y BK 
999 |c 20855  |d 20855